| 000 | 00657nam a2200265Ia 4500 | ||
|---|---|---|---|
| 005 | 20260121170756.0 | ||
| 008 | 008 260114s9999 xx 000 0 eng d | ||
| 020 | _a9783319998077 | ||
| 037 | _aEBOOK | ||
| 040 | _aCRL | ||
| 040 | _beng | ||
| 040 | _cCRL | ||
| 041 | _2eng | ||
| 041 | _aeng | ||
| 084 | _qCRL | ||
| 100 |
_aChunhua Su, Hiroaki Kikuchi _91068009 |
||
| 245 | 0 | _aInformation Security Practice and Experience | |
| 260 | _bSpringer | ||
| 260 | _bSpringer | ||
| 260 | _c2018 | ||
| 856 | _uhttps://link.springer.com/openurl?genre=book&isbn=978-3-319-99807-7 | ||
| 942 | _cEBOOK | ||
| 999 |
_c1633739 _d1633739 |
||